000 00567nam a2200205 4500
001 114329
003 ES-MaACL
005 20250905163358.0
007 t|
008 061121s1997 sp r ||||1| cat d
100 1 _aPámies, Tomás.
_988728
245 1 0 _aTestament a Praga /
_cTomás i Teresa Pámies.
250 _a[1ª ed.].
260 _aBarcelona :
_bDestino,
_c1971.
300 _a219 p. ;
_c20 cm.
500 _aPremi Josep Pla 1970.
700 1 _aPàmies, Teresa,
_d1919-
_9131445
852 _aES-MaACL
_jC-45811
_bR.77157
999 _c114329
_d114329